Trend predaja cez internet rozhodne neslabne
Maloobchodný predaj cez internet - v Európe a na Slovensku. Nový predajný kanál rastie rýchlejšie ako tie tradičné. Konkurencia nespí.
Gespeichert in:
| 1. Verfasser: | |
|---|---|
| Format: | Buchkapitel |
| Sprache: | Slowakisch |
| Schlagworte: | |
| Tags: |
Keine Tags, Fügen Sie das erste Tag hinzu!
|
MARC
| LEADER | 00000naa a2200000 4500 | ||
|---|---|---|---|
| 001 | 0234130 | ||
| 005 | 20200305103313.2 | ||
| 041 | 0 | |a slo | |
| 044 | |a CZ | ||
| 245 | 1 | 0 | |a Trend predaja cez internet rozhodne neslabne |c Dan Cosmin |
| 520 | |a Maloobchodný predaj cez internet - v Európe a na Slovensku. Nový predajný kanál rastie rýchlejšie ako tie tradičné. Konkurencia nespí. | ||
| 610 | 2 | 0 | |a maloobchod |
| 610 | 2 | 0 | |a obchod elektronický |
| 610 | 2 | 0 | |a spotrebitelia |
| 100 | 1 | |a Cosmin, Dan | |